[Event "COMMONWEALTH CHESS CHAMPIONSHI"]
[Site "Nagpur,India"]
[Date "2008.09.30"]
[Round "4.43"]
[White "Antonio, Viani D'cunha"]
[Black "Nitin, S."]
[Result "0-1"]
[WhiteElo "2115"]
[BlackElo "2303"]
[PlyCount "68"]
[EventDate "2008.09.28"]
[Source "MonRoi"]

1. e4 c5 2. Nc3 a6 3. f4 b5 4. Nf3 Bb7 5. d3 g6 6. g3 Bg7 7. Bg2 b4 8. Ne2 e6
9. O-O Ne7 10. e5 O-O 11. c4 d6 12. d4 cxd4 13. exd6 Qxd6 14. Nexd4 Rc8 15. Be3
Rxc4 16. Nb3 Qc7 17. Nfd2 Bxg2 18. Nxc4 Bxf1 19. Qxf1 Nd5 20. Bf2 Nd7 21. Rc1
Qd8 22. Nba5 Rc8 23. Nb7 Qe7 24. Nca5 Rf8 25. Nc6 Qf6 26. Bd4 Qf5 27. Bxg7 Kxg7
28. Qxa6 Qe4 29. Qf1 N7f6 30. Qf2 Ra8 31. Nd6 Qd3 32. Ne5 Qa6 33. Ndxf7 Qxa2
34. Ng5 Ra6 {Score sheet not clear- result white resigns} 0-1

[Event "COMMONWEALTH CHESS CHAMPIONSHI"]
[Site "Nagpur,India"]
[Date "2008.09.30"]
[Round "4.44"]
[White "Gahan, M G."]
[Black "Singh, D P."]
[Result "1-0"]
[WhiteElo "2114"]
[BlackElo "2299"]
[PlyCount "43"]
[EventDate "2008.09.28"]
[Source "MonRoi"]

1. e4 b6 2. d4 Bb7 3. Nc3 e6 4. a3 g6 5. f4 Bg7 6. Nf3 Ne7 7. Bd3 d6 8. O-O Nd7
9. Ne2 d5 10. e5 c5 11. c3 a5 12. Be3 c4 13. Bc2 b5 14. Qe1 Nc6 15. g4 Qb6 16.
Ng3 h5 17. f5 hxg4 18. fxe6 gxf3 19. exd7+ Kxd7 20. Rxf3 Rae8 21. Qf2 Ke7 22.
Bg5+ 1-0

[Event "COMMONWEALTH CHESS CHAMPIONSHI"]
[Site "Nagpur,India"]
[Date "2008.09.30"]
[Round "4.46"]
[White "Prince, Bajaj"]
[Black "Soumya, Swaminathan"]
[Result "0-1"]
[WhiteElo "2111"]
[BlackElo "2293"]
[PlyCount "66"]
[EventDate "2008.09.28"]
[Source "MonRoi"]

1. e4 c5 2. Nf3 d6 3. d4 cxd4 4. Nxd4 Nf6 5. Nc3 e6 6. Bc4 Be7 7. f4 O-O 8. Bb3
Na6 9. Qf3 Nc5 10. Be3 a5 11. a4 e5 12. Nf5 Bxf5 13. exf5 exf4 14. Qxf4 Nxb3
15. cxb3 d5 16. O-O Bd6 17. Qh4 Re8 18. Bg5 Be5 19. Rad1 Qb6+ 20. Kh1 Qxb3 21.
Bxf6 Bxf6 22. Qg4 Rad8 23. Ne2 Re4 24. Nf4 Qxb2 25. Qg3 Qe5 26. Nh5 Rd6 27.
Nxf6+ Rxf6 28. Rc1 g6 29. Rc8+ Kg7 30. Qa3 Rb4 31. Qd3 Rxf5 32. Rxf5 Qxf5 33.
Qc3+ d4 0-1

[Event "COMMONWEALTH CHESS CHAMPIONSHI"]
[Site "Nagpur,India"]
[Date "2008.09.30"]
[Round "4.47"]
[White "Ajith, M P."]
[Black "Phadke, Sohan"]
[Result "0-1"]
[WhiteElo "2104"]
[BlackElo "2283"]
[PlyCount "60"]
[EventDate "2008.09.28"]
[Source "MonRoi"]

1. d4 Nf6 2. Nf3 c5 3. c3 e6 4. g3 d5 5. Bg2 Nc6 6. O-O Be7 7. Nbd2 O-O 8. e3
Qc7 9. b3 e5 10. dxc5 Bxc5 11. b4 Bb6 12. Bb2 e4 13. Nd4 Ne5 14. h3 Nd3 15. Qb3
Bxd4 16. cxd4 Bd7 17. a4 Rfc8 18. Rfc1 Nxc1 19. Rxc1 Qd6 20. Ra1 Qc6 21. b5 Qc2
22. Qb4 a5 23. bxa6 bxa6 24. Rc1 Qxa4 25. Qxa4 Rxc1+ 26. Bxc1 Bxa4 27. f3 Rc8
28. Ba3 exf3 29. Nxf3 Rc3 30. Bc5 Ne4 0-1

[Event "COMMONWEALTH CHESS CHAMPIONSHI"]
[Site "Nagpur,India"]
[Date "2008.09.30"]
[Round "4.49"]
[White "Gagare, Shardul"]
[Black "Thakur, Akash"]
[Result "1/2-1/2"]
[WhiteElo "2070"]
[BlackElo "2276"]
[PlyCount "88"]
[EventDate "2008.09.28"]
[Source "MonRoi"]

1. c4 c5 2. Nc3 Nc6 3. g3 g6 4. Bg2 Bg7 5. a3 Nh6 6. h4 b6 7. d3 Bb7 8. h5 d6
9. Bxh6 Bxh6 10. hxg6 hxg6 11. Qc1 Bg7 12. Rxh8+ Bxh8 13. Qh6 Kd7 14. Qh7 Qg8
15. Qxg8 Rxg8 16. O-O-O Bg7 17. Nf3 Rh8 18. Rh1 Rxh1+ 19. Bxh1 Nd8 20. Bg2 e6
21. Kc2 Bc6 22. Ne1 a6 23. Bxc6+ Kxc6 24. Nf3 b5 25. b3 f5 26. e4 Bf6 27. Ne2
fxe4 28. dxe4 g5 29. Nh2 bxc4 30. bxc4 d5 31. Ng4 Bg7 32. exd5+ exd5 33. cxd5+
Kxd5 34. f3 Ne6 35. Ne3+ Ke5 36. Kd3 Bf8 37. Nc4+ Kd5 38. f4 gxf4 39. gxf4 Nd4
40. Ne3+ Ke6 41. Nxd4+ cxd4 42. Nc2 Kf5 43. Nxd4+ Kxf4 44. a4 Bd6 1/2-1/2

[Event "COMMONWEALTH CHESS CHAMPIONSHI"]
[Site "Nagpur,India"]
[Date "2008.09.30"]
[Round "4.50"]
[White "Ophoff, Ja"]
[Black "Gagare, Shalmali"]
[Result "1/2-1/2"]
[WhiteElo "2275"]
[BlackElo "2092"]
[PlyCount "39"]
[EventDate "2008.09.28"]
[Source "MonRoi"]

1. d4 d5 2. c4 dxc4 3. Nf3 Nf6 4. e3 e6 5. Bxc4 a6 6. a4 c5 7. O-O Nc6 8. Qe2
cxd4 9. Rd1 Be7 10. exd4 O-O 11. Nc3 Nb4 12. Ne5 b6 13. Bg5 Bb7 14. Rac1 Nfd5
15. Bd2 Bg5 16. Qg4 Bxd2 17. Rxd2 Rc8 18. Bb3 Nf6 19. Qe2 Nfd5 20. Qg4 1/2-1/2

[Event "COMMONWEALTH CHESS CHAMPIONSHI"]
[Site "Nagpur,India"]
[Date "2008.09.30"]
[Round "4.51"]
[White "Anuprita, Patil"]
[Black "Premnath, R."]
[Result "1/2-1/2"]
[WhiteElo "2068"]
[BlackElo "2257"]
[PlyCount "91"]
[EventDate "2008.09.28"]
[Source "MonRoi"]

1. e4 c5 2. Nf3 d6 3. d4 cxd4 4. Nxd4 Nf6 5. Nc3 g6 6. Be3 Bg7 7. f3 Nc6 8. Qd2
O-O 9. Bc4 Bd7 10. O-O-O Rb8 11. Bb3 Na5 12. Bh6 Bxh6 13. Qxh6 b5 14. g4 b4 15.
Nd5 Nxb3+ 16. Nxb3 Nxd5 17. exd5 Qc7 18. h4 e5 19. dxe6 Bxe6 20. h5 Rfc8 21.
Rh2 Bxb3 22. axb3 Rb6 23. hxg6 fxg6 24. Rdh1 Rb7 25. Qe3 Qe7 26. Qd2 Qe5 27.
Re1 Qc5 28. Kb1 Rf7 29. f4 a5 30. Rd1 Re8 31. Rf2 Re4 32. Rdf1 Qd4 33. Qxd4
Rxd4 34. f5 g5 35. Rg2 Re7 36. f6 Ree4 37. f7+ Kf8 38. Rh1 Rxg4 39. Rxg4 Rxg4
40. Rxh7 Rg1+ 41. Ka2 g4 42. Rh5 g3 43. Rxa5 g2 44. Rg5 Ke7 45. c3 d5 46. Rg3
1/2-1/2

[Event "COMMONWEALTH CHESS CHAMPIONSHI"]
[Site "Nagpur,India"]
[Date "2008.09.30"]
[Round "4.53"]
[White "Hardik Mehta"]
[Black "Pradeep, Kumar R A"]
[Result "1/2-1/2"]
[WhiteElo "2037"]
[BlackElo "2250"]
[PlyCount "55"]
[EventDate "2008.09.28"]
[Source "MonRoi"]

1. e4 c5 2. Nf3 Nc6 3. d4 cxd4 4. Nxd4 Nf6 5. Nc3 e5 6. Ndb5 d6 7. Bg5 a6 8.
Na3 b5 9. Bxf6 gxf6 10. Nd5 f5 11. Bxb5 axb5 12. Nxb5 Ra4 13. b4 Rxb4 14. Nbc7+
Kd7 15. O-O Qg5 16. Nxb4 Nxb4 17. Nd5 Nxd5 18. Qxd5 Ke7 19. f4 exf4 20. e5 Rg8
21. Rab1 Qg6 22. Rfc1 f3 23. g3 h6 24. Rb7+ Bxb7 25. Qxb7+ Kd8 26. Qb8+ Kd7 27.
Qb7+ Kd8 28. Qb8+ 1/2-1/2

[Event "COMMONWEALTH CHESS CHAMPIONSHI"]
[Site "Nagpur,India"]
[Date "2008.09.30"]
[Round "4.54"]
[White "Kiran, Manisha Mohanty"]
[Black "Peiris, T G M."]
[Result "1/2-1/2"]
[WhiteElo "2246"]
[BlackElo "2091"]
[PlyCount "91"]
[EventDate "2008.09.28"]
[Source "MonRoi"]

1. e4 e5 2. Nf3 Nc6 3. Bb5 a6 4. Ba4 Nf6 5. O-O Be7 6. Re1 b5 7. Bb3 O-O 8. a4
Bb7 9. d3 d6 10. Nbd2 Na5 11. Ba2 c5 12. Nf1 b4 13. Ne3 Rb8 14. Nf5 Bc8 15.
N3h4 Ne8 16. Nxe7+ Qxe7 17. Qh5 b3 18. cxb3 Nxb3 19. Bxb3 Rxb3 20. Re3 Nf6 21.
Qd1 Ng4 22. Rg3 Qxh4 23. Rxg4 Qxg4 24. Qxb3 Qe2 25. Be3 Be6 26. Qc3 Rb8 27. h3
Qxb2 28. Qxb2 Rxb2 29. Kf1 Kf8 30. Ke1 f5 31. a5 Bd7 32. Kd1 fxe4 33. dxe4 Ke7
34. Ra3 Bc6 35. f3 Rxg2 36. Bd2 Rg3 37. Ke2 Rxh3 38. Rb3 Bb5+ 39. Rxb5 Rh2+ 40.
Kd1 Rh1+ 41. Be1 axb5 42. a6 Rh2 43. Bd2 Rh1+ 44. Be1 Rh2 45. Bd2 Rh1+ 46. Be1
1/2-1/2

[Event "COMMONWEALTH CHESS CHAMPIONSHI"]
[Site "Nagpur,India"]
[Date "2008.09.30"]
[Round "4.55"]
[White "Ghosh, Diptayan"]
[Black "Nadig, Kruttika"]
[Result "1/2-1/2"]
[WhiteElo "2028"]
[BlackElo "2240"]
[PlyCount "87"]
[EventDate "2008.09.28"]
[Source "MonRoi"]

1. d4 Nf6 2. Nf3 g6 3. Nbd2 d5 4. e3 Bg7 5. Bd3 O-O 6. O-O Nbd7 7. b3 e5 8.
dxe5 Ng4 9. Ba3 c5 10. Rb1 Qa5 11. Bb2 Ngxe5 12. Nxe5 Nxe5 13. Nf3 Nxd3 14.
Bxg7 Kxg7 15. Qxd3 Rd8 16. b4 Qxa2 17. bxc5 Kg8 18. Nd4 Qa5 19. Qb5 Qxb5 20.
Nxb5 Be6 21. Nd4 Rd7 22. Ra1 a5 23. Rfb1 Rc7 24. Kf1 Bd7 25. Ke2 a4 26. Ra3 Ra5
27. Nb3 Ra8 28. Nd4 Kf8 29. Kd2 Ke7 30. Rb6 Ra5 31. Nb3 Ra7 32. Kc3 Ra8 33. Kb2
Rb8 34. Nd4 Rxc5 35. Rc3 Rxc3 36. Kxc3 h5 37. h4 Rc8+ 38. Kb2 Rc7 39. g3 f6 40.
f4 Be8 41. f5 Kf7 42. Ne6 Re7 43. fxg6+ Kxg6 44. Nf4+ 1/2-1/2

[Event "COMMONWEALTH CHESS CHAMPIONSHI"]
[Site "Nagpur,India"]
[Date "2008.09.30"]
[Round "4.56"]
[White "Mehar, Chinna Reddy C H"]
[Black "Divyasri, Ch"]
[Result "1-0"]
[WhiteElo "2239"]
[BlackElo "2081"]
[PlyCount "93"]
[EventDate "2008.09.28"]
[Source "MonRoi"]

1. e4 e5 2. Nf3 Nc6 3. Bb5 a6 4. Ba4 Nf6 5. O-O Nxe4 6. d4 b5 7. Bb3 d5 8. dxe5
Be6 9. Nbd2 Bc5 10. Qe2 Nxd2 11. Qxd2 O-O 12. Rd1 Ne7 13. c3 Qd7 14. Qf4 c6 15.
Bc2 Ng6 16. Qg3 Bf5 17. Bxf5 Qxf5 18. Re1 Rae8 19. b4 Bb6 20. Be3 Bxe3 21. Rxe3
c5 22. bxc5 Qc8 23. Nd4 Qxc5 24. f4 f6 25. e6 b4 26. Rd1 bxc3 27. Rxc3 Qb6 28.
Rc6 Qa7 29. Qf2 Rc8 30. Rxc8 Rxc8 31. f5 Ne5 32. Ne2 Qxf2+ 33. Kxf2 Rc5 34. Rb1
Rb5 35. Rxb5 axb5 36. Ke3 Nc6 37. Nd4 Ne7 38. g4 b4 39. Kd3 g6 40. Kc2 h5 41.
h3 hxg4 42. hxg4 gxf5 43. gxf5 Kf8 44. Kb3 Ke8 45. Kxb4 Kd8 46. Kc5 Kc7 47. a4
1-0

[Event "COMMONWEALTH CHESS CHAMPIONSHI"]
[Site "Nagpur,India"]
[Date "2008.09.30"]
[Round "4.57"]
[White "Eswar, R."]
[Black "Ramnath, Bhuvanesh"]
[Result "0-1"]
[WhiteElo "2021"]
[BlackElo "2239"]
[PlyCount "58"]
[EventDate "2008.09.28"]
[Source "MonRoi"]

1. d4 Nf6 2. c4 g6 3. Nc3 Bg7 4. e4 d6 5. Bd3 O-O 6. Nge2 e5 7. d5 Nh5 8. O-O
Na6 9. Be3 Nc5 10. Bc2 a5 11. Rb1 Qe7 12. a3 f5 13. b4 Nxe4 14. Nxe4 fxe4 15.
Bxe4 Nf4 16. Bxf4 exf4 17. f3 axb4 18. axb4 Qe5 19. Qc2 Bd7 20. Rfe1 Ra3 21.
Nc1 Rfa8 22. Kh1 Qg5 23. Ne2 Be5 24. b5 Ra2 25. Qd3 R8a3 26. Rb3 Qh4 27. Reb1
Rxb3 28. Rxb3 Qe1+ 29. Ng1 Qf2 0-1

[Event "COMMONWEALTH CHESS CHAMPIONSHI"]
[Site "Nagpur,India"]
[Date "2008.09.30"]
[Round "4.58"]
[White "Prasanna, Rao"]
[Black "Harini, S."]
[Result "1-0"]
[WhiteElo "2233"]
[BlackElo "2070"]
[PlyCount "77"]
[EventDate "2008.09.28"]
[Source "MonRoi"]

1. e4 c5 2. Nf3 d6 3. d4 cxd4 4. Nxd4 Nf6 5. Nc3 e6 6. Be2 Be7 7. O-O O-O 8.
Kh1 a6 9. f4 Nc6 10. Be3 Qc7 11. Qe1 Nxd4 12. Bxd4 b5 13. a3 Bb7 14. Qg3 Bc6
15. Rae1 Qb7 16. Bd3 g6 17. f5 e5 18. Be3 a5 19. Bh6 Nh5 20. Qf3 Bf6 21. Bxf8
Rxf8 22. Nd5 Bxd5 23. exd5 Rc8 24. Be4 b4 25. axb4 Qxb4 26. b3 a4 27. bxa4 Qxa4
28. Bd3 Rc3 29. g3 Qd4 30. Re4 Qc5 31. Rg4 Kg7 32. fxg6 hxg6 33. Rh4 Nf4 34.
Rg4 Nxd5 35. h4 Qc6 36. Kh2 Qd7 37. h5 g5 38. h6+ Kg8 39. Qxd5 1-0

[Event "COMMONWEALTH CHESS CHAMPIONSHI"]
[Site "Nagpur,India"]
[Date "2008.09.30"]
[Round "4.59"]
[White "Narayanan, Srinath"]
[Black "Devangi, Patankar"]
[Result "1-0"]
[WhiteElo "2220"]
[BlackElo "2028"]
[PlyCount "111"]
[EventDate "2008.09.28"]
[Source "MonRoi"]

1. e4 c5 2. Nf3 d6 3. d4 cxd4 4. Nxd4 Nf6 5. Nc3 a6 6. Bc4 e6 7. Bb3 b5 8. O-O
Be7 9. Qf3 Qb6 10. Be3 Qb7 11. Qg3 O-O 12. f3 Nc6 13. Nxc6 Qxc6 14. Rfe1 Bb7
15. Bh6 Ne8 16. a3 Kh8 17. Bg5 Bf6 18. Bxf6 Nxf6 19. Rad1 Rfd8 20. Kh1 a5 21.
Rd4 Qb6 22. Red1 e5 23. R4d2 b4 24. axb4 axb4 25. Na2 Kg8 26. Qf2 Qxf2 27. Rxf2
d5 28. Rfd2 Rf8 29. exd5 Bxd5 30. Rxd5 Nxd5 31. Bxd5 Rab8 32. b3 Rfc8 33. Bc4
Rd8 34. Rxd8+ Rxd8 35. Kg1 Rb8 36. Kf2 Kf8 37. Ke3 Ke7 38. Ke4 f6 39. Kd5 Rd8+
40. Kc6 Rd2 41. Nxb4 Rxg2 42. Nd5+ Kd8 43. Bd3 Rxh2 44. b4 h5 45. b5 Rh1 46. b6
Kc8 47. b7+ Kb8 48. Nb6 Rb1 49. Nd7+ Ka7 50. b8=Q+ Rxb8 51. Nxb8 Kxb8 52. Kd7
h4 53. Bf1 f5 54. c4 e4 55. fxe4 fxe4 56. c5 1-0

[Event "COMMONWEALTH CHESS CHAMPIONSHI"]
[Site "Nagpur,India"]
[Date "2008.09.30"]
[Round "4.61"]
[White "Russell, M K A."]
[Black "Harshal, Shahi"]
[Result "1-0"]
[WhiteElo "2213"]
[BlackElo "1706"]
[PlyCount "57"]
[EventDate "2008.09.28"]
[Source "MonRoi"]

1. d4 Nf6 2. c4 g6 3. Nc3 d5 4. cxd5 Nxd5 5. Bd2 Bg7 6. e4 Nxc3 7. Bxc3 O-O 8.
Be2 Nc6 9. d5 Ne5 10. f4 Nd7 11. Bxg7 Kxg7 12. Qd4+ Kg8 13. Nf3 b6 14. Rc1 a5
15. h4 Nf6 16. Ne5 c5 17. Qe3 Nd7 18. h5 Nxe5 19. fxe5 e6 20. Bc4 Qe7 21. Qh6
Ra7 22. d6 Qd8 23. Rf1 Qe8 24. Rc3 a4 25. Rcf3 g5 26. Qxg5+ Kh8 27. Rf6 Qd8 28.
Qh6 Rg8 29. Kf2 1-0

[Event "COMMONWEALTH CHESS CHAMPIONSHI"]
[Site "Nagpur,India"]
[Date "2008.09.30"]
[Round "4.62"]
[White "Rahman, Syed Mahfuzur"]
[Black "Simantini Huchche"]
[Result "1-0"]
[WhiteElo "2297"]
[BlackElo "1588"]
[PlyCount "47"]
[EventDate "2008.09.28"]
[Source "MonRoi"]

1. e4 d5 2. exd5 Qxd5 3. Nc3 Qa5 4. d4 Nf6 5. Nf3 Bg4 6. h3 Bh5 7. g4 Bg6 8.
Bg2 c6 9. O-O Nbd7 10. Qe2 e6 11. Nh4 O-O-O 12. Bf4 Nd5 13. Nxd5 exd5 14. g5 f6
15. Nxg6 hxg6 16. Qd3 f5 17. c4 Nb6 18. c5 Nd7 19. Rfe1 b6 20. Re6 Kb7 21. Rxc6
Kxc6 22. Bxd5+ Kxd5 23. Qf3+ Ke6 24. Qb3+ 1-0

[Event "COMMONWEALTH CHESS CHAMPIONSHI"]
[Site "Nagpur,India"]
[Date "2008.09.30"]
[Round "4.63"]
[White "Majumdar, Chandrasish"]
[Black "Vishnu, Prasanna"]
[Result "0-1"]
[WhiteElo "2050"]
[BlackElo "2341"]
[PlyCount "94"]
[EventDate "2008.09.28"]
[Source "MonRoi"]

1. e4 c5 2. Nf3 d6 3. d4 cxd4 4. Nxd4 Nf6 5. f3 e6 6. c4 Be7 7. Nc3 a6 8. Be3
Nbd7 9. Be2 Qc7 10. Qd2 b6 11. Rc1 Bb7 12. a3 O-O 13. O-O Rac8 14. b4 Qb8 15.
Nb3 Kh8 16. Rfd1 Rg8 17. Bf4 Ne5 18. Na4 Bc6 19. Nb2 g6 20. Bxe5 dxe5 21. h3
Nh5 22. b5 Bb7 23. bxa6 Bxa6 24. c5 Bxe2 25. Qxe2 bxc5 26. Qc4 Qa7 27. Qa4 Qxa4
28. Nxa4 Nf4 29. Kf1 c4 30. Nd2 Rgd8 31. Nb6 Bxa3 32. Ra1 Bb2 33. Ndxc4 Bxa1
34. Rxa1 Rc5 35. Rc1 Rd4 36. Rc2 f6 37. Rc1 Nd3 38. Rc2 Nb4 39. Rc1 Nc6 40. Rc2
Rd3 41. Ke2 Rb3 42. Kd2 Nd4 43. Rc3 Rb4 44. Kd3 Rc6 45. Nd7 Nb5 46. Rc2 Rbxc4
47. Rxc4 Rd6+ 0-1

[Event "COMMONWEALTH CHESS CHAMPIONSHI"]
[Site "Nagpur,India"]
[Date "2008.09.30"]
[Round "4.65"]
[White "Ramnathan, Balasubramaniam"]
[Black "Raghavi, N."]
[Result "1/2-1/2"]
[WhiteElo "2271"]
[BlackElo "2064"]
[PlyCount "99"]
[EventDate "2008.09.28"]
[Source "MonRoi"]

1. d4 d5 2. Nf3 Nf6 3. g3 Bf5 4. Bg2 e6 5. O-O c5 6. c4 Nc6 7. cxd5 exd5 8. Nc3
Be7 9. dxc5 Bxc5 10. Bg5 d4 11. Nh4 Be6 12. Bxf6 Qxf6 13. Ne4 Qe7 14. Nxc5 Qxc5
15. Qa4 O-O 16. Rac1 Qb6 17. b3 Rac8 18. Nf3 Rfd8 19. Rfd1 Bf5 20. Ne1 Ne5 21.
Rxc8 Bxc8 22. Nc2 Bg4 23. Rxd4 Bxe2 24. Rxd8+ Qxd8 25. Qd4 Qxd4 26. Nxd4 Ba6
27. b4 Bc4 28. a3 b6 29. f4 Nd3 30. Nc6 a6 31. Ne7+ Kf8 32. Nc8 b5 33. Bb7 Ne1
34. Bxa6 Nc2 35. a4 bxa4 36. Bxc4 Nxb4 37. Nd6 a3 38. Nxf7 a2 39. Bxa2 Nxa2 40.
Ne5 Nc3 41. Kf2 Ke7 42. Ke3 Kf6 43. Kd4 Nb5+ 44. Ke4 Nc3+ 45. Kf3 h5 46. Nc4
Kf5 47. Nd6+ Ke6 48. Ne4 Nd5 49. g4 hxg4+ 50. Kxg4 1/2-1/2

[Event "COMMONWEALTH CHESS CHAMPIONSHI"]
[Site "Nagpur,India"]
[Date "2008.09.30"]
[Round "4.67"]
[White "Pratyusha, Bodda"]
[Black "Mohammad, Javed"]
[Result "0-1"]
[WhiteElo "1933"]
[BlackElo "2264"]
[PlyCount "92"]
[EventDate "2008.09.28"]
[Source "MonRoi"]

1. e4 e5 2. Bc4 Nf6 3. d3 c6 4. Nf3 d5 5. Bb3 Bg4 6. Qe2 Nbd7 7. Bg5 dxe4 8.
dxe4 Be7 9. Nbd2 a5 10. a3 O-O 11. O-O Nh5 12. Be3 Nhf6 13. h3 Bh5 14. Rfd1 Qc7
15. Bg5 Nc5 16. Ba2 Rfd8 17. Bh4 b5 18. Bg3 Bd6 19. Qe3 Bg6 20. Bh4 Ncd7 21.
Re1 Re8 22. Nh2 Nh5 23. g3 Bc5 24. Qe2 Nf8 25. Ng4 Ne6 26. c3 f6 27. b4 Bb6 28.
c4 axb4 29. cxb5 Bd4 30. Rac1 c5 31. Bxe6+ Rxe6 32. axb4 Qb6 33. bxc5 Bxc5 34.
Qc4 Bd4 35. Nb3 Bf7 36. Nxd4 exd4 37. Qd3 Be8 38. e5 Bxb5 39. Qf3 Bc6 40. Nh6+
gxh6 41. Qg4+ Ng7 42. Bxf6 Qb7 43. Rb1 Qf7 44. Bxg7 Rg6 45. Qxd4 Qf3 46. Kf1
Rxg3 0-1

[Event "COMMONWEALTH CHESS CHAMPIONSHI"]
[Site "Nagpur,India"]
[Date "2008.09.30"]
[Round "4.68"]
[White "Soman, Satchidanand"]
[Black "Mohana, Priya J"]
[Result "1-0"]
[WhiteElo "2251"]
[BlackElo "2048"]
[PlyCount "81"]
[EventDate "2008.09.28"]
[Source "MonRoi"]

1. d4 Nf6 2. Nf3 d5 3. g3 g6 4. Bg2 Bg7 5. O-O O-O 6. c4 c6 7. b3 Ne4 8. Bb2
Be6 9. Qc2 Bf5 10. Qc1 Na6 11. Nc3 Nxc3 12. Bxc3 b5 13. Rd1 b4 14. Bb2 Rc8 15.
Nh4 Bg4 16. Qd2 Qd7 17. Rac1 Bh3 18. Bh1 Rfd8 19. Nf3 f6 20. Ne1 Be6 21. Nd3
dxc4 22. bxc4 Qb7 23. e4 b3 24. a3 Bg4 25. f3 Bd7 26. Bg2 Qb8 27. Kh1 h5 28. f4
Bg4 29. Re1 e5 30. d5 c5 31. fxe5 fxe5 32. Qg5 Qd6 33. Bxe5 Bxe5 34. Nxe5 Kg7
35. Nxg4 hxg4 36. e5 Qf8 37. Rf1 b2 38. Rb1 Qe8 39. Rf6 Rb8 40. Be4 Rb6 41.
Bxg6 1-0

[Event "COMMONWEALTH CHESS CHAMPIONSHI"]
[Site "Nagpur,India"]
[Date "2008.09.30"]
[Round "4.69"]
[White "Mari Arul, S."]
[Black "Ghate, V N."]
[Result "1-0"]
[WhiteElo "2249"]
[BlackElo "1972"]
[PlyCount "59"]
[EventDate "2008.09.28"]
[Source "MonRoi"]

1. e4 c5 2. Nf3 d6 3. d4 cxd4 4. Nxd4 Nf6 5. Nc3 a6 6. Bc4 e6 7. Bb3 b5 8. O-O
Bb7 9. Re1 b4 10. Nd5 exd5 11. Ba4+ Nbd7 12. exd5+ Be7 13. Nf5 O-O 14. Nxe7+
Kh8 15. Bc6 Qc7 16. Bf4 Bxc6 17. Nxc6 a5 18. Qd4 Rfe8 19. c4 bxc3 20. bxc3
Rxe1+ 21. Rxe1 Re8 22. Rxe8+ Nxe8 23. h3 Ndf6 24. c4 Qb7 25. Qd1 Qb2 26. Qb3
Qa1+ 27. Kh2 Qe1 28. Be3 h6 29. Qa4 Qc3 30. Nxa5 1-0

[Event "COMMONWEALTH CHESS CHAMPIONSHI"]
[Site "Nagpur,India"]
[Date "2008.09.30"]
[Round "4.70"]
[White "Darpan, Inani"]
[Black "Chatterjee, Debaraj"]
[Result "1-0"]
[WhiteElo "1925"]
[BlackElo "2231"]
[PlyCount "55"]
[EventDate "2008.09.28"]
[Source "MonRoi"]

1. e4 c5 2. Nf3 d6 3. d4 cxd4 4. Nxd4 Nf6 5. Nc3 a6 6. f4 Qc7 7. a4 g6 8. Nf3
Nbd7 9. Bd3 Bg7 10. O-O O-O 11. Qe1 b6 12. Kh1 Bb7 13. Qh4 Rae8 14. f5 e6 15.
Bh6 exf5 16. exf5 Qc5 17. Ng5 Re5 18. Rad1 Rfe8 19. Nf3 Bxf3 20. gxf3 d5 21.
Rg1 a5 22. fxg6 hxg6 23. Bxg6 fxg6 24. Rxg6 R8e7 25. Rdg1 Nh5 26. f4 Qb4 27.
Bxg7 Nxg7 28. Qh6 1-0

[Event "COMMONWEALTH CHESS CHAMPIONSHI"]
[Site "Nagpur,India"]
[Date "2008.09.30"]
[Round "4.71"]
[White "Anwesh, Upadhyaya"]
[Black "Pradip Tiwari"]
[Result "1/2-1/2"]
[WhiteElo "2189"]
[BlackElo "1960"]
[PlyCount "69"]
[EventDate "2008.09.28"]
[Source "MonRoi"]

1. e4 e5 2. Nf3 Nc6 3. Bb5 a6 4. Ba4 Nf6 5. O-O Be7 6. Re1 b5 7. Bb3 d6 8. c3
O-O 9. h3 Na5 10. Bc2 c5 11. d4 cxd4 12. cxd4 Nc6 13. Nbd2 Qc7 14. Nb3 Bd7 15.
Be3 Nb4 16. Bb1 Nc6 17. d5 Na5 18. Nxa5 Qxa5 19. Bd3 Rfc8 20. Qe2 Qd8 21. Nd2
Ne8 22. b4 Bg5 23. Nb3 Bxe3 24. Qxe3 Qf6 25. Rec1 g6 26. Na5 Kg7 27. Rxc8 Bxc8
28. Rc1 Bd7 29. Bf1 Qd8 30. g3 Rc8 31. Nb7 Qe7 32. h4 Bg4 33. Rxc8 Bxc8 34. Na5
Qc7 35. h5 1/2-1/2

[Event "COMMONWEALTH CHESS CHAMPIONSHI"]
[Site "Nagpur,India"]
[Date "2008.09.30"]
[Round "4.72"]
[White "Gajendra, Singh"]
[Black "Sree, Lakshmi V"]
[Result "1-0"]
[WhiteElo "2159"]
[BlackElo "1921"]
[PlyCount "89"]
[EventDate "2008.09.28"]
[Source "MonRoi"]

1. Nf3 Nf6 2. d4 e6 3. c4 Nc6 4. g3 g6 5. Bg2 Bg7 6. Nc3 O-O 7. e4 d6 8. h3 e5
9. d5 Nb8 10. Bg5 Nbd7 11. Qd2 Rb8 12. Nh2 Nb6 13. b3 c5 14. Ng4 a6 15. f3 Nbd7
16. Qe2 Qa5 17. Bd2 Qc7 18. Nh6+ Kh8 19. g4 Ng8 20. Nxg8 Kxg8 21. h4 Nf6 22. h5
Bd7 23. a4 Ra8 24. Bf1 b5 25. cxb5 axb5 26. Nxb5 Bxb5 27. Qxb5 Rfb8 28. Qc4 Qb7
29. Ra3 Bf8 30. Qc1 Be7 31. Bb5 Qc8 32. Bc6 Ra7 33. Rg1 Ne8 34. hxg6 Bh4+ 35.
Ke2 fxg6 36. Qc4 Nc7 37. b4 cxb4 38. Bxb4 Be7 39. Ra2 Qa6 40. Qxa6 Nxa6 41. Bc3
Bd8 42. Rb2 Rxb2+ 43. Bxb2 Ba5 44. Rc1 Nc5 45. Bxe5 1-0

[Event "COMMONWEALTH CHESS CHAMPIONSHI"]
[Site "Nagpur,India"]
[Date "2008.09.30"]
[Round "4.74"]
[White "Navalgund, Niranjan"]
[Black "Eshwanth Dev Kumar J"]
[Result "1-0"]
[WhiteElo "2091"]
[BlackElo "1826"]
[PlyCount "57"]
[EventDate "2008.09.28"]
[Source "MonRoi"]

1. d4 Nf6 2. Nf3 c5 3. d5 d6 4. Nc3 g6 5. e4 Nbd7 6. g3 Bg7 7. Bg2 Rb8 8. a4 b6
9. O-O a6 10. Qe2 O-O 11. Bf4 b5 12. e5 Nh5 13. axb5 axb5 14. Nxb5 Nxe5 15.
Bxe5 dxe5 16. c4 e4 17. Qxe4 Bxb2 18. Ra2 Bg7 19. Re1 Nf6 20. Qe3 Nxd5 21. Qxc5
Nc3 22. Nxc3 Bxc3 23. Rc1 Bb4 24. Qe3 Bb7 25. c5 Ra8 26. Rac2 Bc6 27. Qh6 Qd5
28. Rc4 Bd2 29. Qxd2 1-0

[Event "COMMONWEALTH CHESS CHAMPIONSHI"]
[Site "Nagpur,India"]
[Date "2008.09.30"]
[Round "4.78"]
[White "Soumya, Shrivastava"]
[Black "De Silva, Osheen"]
[Result "1-0"]
[WhiteElo "1768"]
[BlackElo "2022"]
[PlyCount "45"]
[EventDate "2008.09.28"]
[Source "MonRoi"]

1. e4 c5 2. c3 d6 3. d4 cxd4 4. cxd4 Nf6 5. Nc3 g6 6. Nf3 Bg7 7. Bf4 O-O 8. Be2
Qb6 9. Qd2 Bg4 10. O-O Nc6 11. Be3 Qa5 12. h3 Bd7 13. a3 a6 14. b4 Qd8 15. Rfd1
Rc8 16. Rac1 Ne8 17. Bh6 e6 18. Be3 f5 19. exf5 exf5 20. Bc4+ Kh8 21. Ba2 Nf6
22. Ng5 Qe7 23. Re1 {Score is not clear-result white wins} 1-0

[Event "COMMONWEALTH CHESS CHAMPIONSHI"]
[Site "Nagpur,India"]
[Date "2008.09.30"]
[Round "4.79"]
[White "Wettasinghe, S V."]
[Black "Rishi, Thariani"]
[Result "0-1"]
[WhiteElo "1765"]
[BlackElo "2021"]
[PlyCount "60"]
[EventDate "2008.09.28"]
[Source "MonRoi"]

1. e4 e5 2. Nf3 Nc6 3. g3 Nf6 4. Nc3 Bc5 5. Bg2 d6 6. h3 O-O 7. O-O h6 8. d3 a6
9. Nh4 Nd4 10. Kh2 Nh7 11. Nd5 g5 12. c3 Nc6 13. Nf5 Bxf5 14. exf5 Nf6 15. h4
Nxd5 16. Bxd5 Ne7 17. Bxb7 Ra7 18. Bg2 f6 19. Bh3 d5 20. Qh5 Kg7 21. hxg5 hxg5
22. Qg4 Rh8 23. Bxg5 fxg5 24. Qxg5+ Kf7 25. f6 Ng6 26. Kg2 Qxf6 27. Qd2 Rha8
28. b4 Bb6 29. a4 Rg8 30. Rh1 Nf4+ 0-1

[Event "COMMONWEALTH CHESS CHAMPIONSHI"]
[Site "Nagpur,India"]
[Date "2008.09.30"]
[Round "4.80"]
[White "Deepthamsh, Reddy  M"]
[Black "Krishna Teja, N."]
[Result "1/2-1/2"]
[WhiteElo "2017"]
[BlackElo "1766"]
[PlyCount "100"]
[EventDate "2008.09.28"]
[Source "MonRoi"]

1. d4 d5 2. Nf3 Nf6 3. c4 e6 4. cxd5 exd5 5. Bg5 Be7 6. Nc3 c6 7. Qc2 h6 8. Bh4
Be6 9. e3 Nbd7 10. Bd3 Qb6 11. O-O O-O 12. Ne5 Rfe8 13. f4 Nxe5 14. fxe5 Nd7
15. Na4 Qc7 16. Bg3 Nb6 17. Nc3 Rac8 18. Bf5 Bb4 19. Bxe6 fxe6 20. Ne2 Nd7 21.
a3 Be7 22. b4 Nf8 23. Nf4 a5 24. Rab1 axb4 25. axb4 Bg5 26. Rb3 Qe7 27. Ne2 Nh7
28. Bf4 Rf8 29. Rc1 Rfe8 30. Qg6 Qf7 31. Qd3 Qe7 32. Nc3 Rf8 33. Bxg5 Nxg5 34.
h4 Qf7 35. Qe2 Nh7 36. Rbb1 Qg6 37. Kh2 Rf5 38. g4 Rf7 39. Rf1 Rcf8 40. Rxf7
Rxf7 41. Rg1 Nf8 42. Rg2 Nd7 43. Qc2 Qxc2 44. Rxc2 Rf3 45. Nd1 Rf1 46. Rd2 Nb6
47. Kg2 Re1 48. Kf3 Nc4 49. Rd3 Rh1 50. h5 Kf8 1/2-1/2